10 największych miast na Słowacji - Statystyki

Ogólne statystyki
  • Ten quiz został rozwiązany 445 razy
  • Średni wynik to 5 z 10
Statystyki odpowiedzi
Liczba ludności % ludności Miasto % Poprawnych
425 923 7,8% Bratysława
100%
239 141 4,4% Koszyce
87%
81 041 1,5% Żylina
55%
89 618 1,6 Preszów
52%
78 635 1,4% Bańska Bystrzyca
47%
77 374 1,4% Nitra
47%
51 750 0,9% Poprad
45%
65 536 1,2% Trnawa
42%
55 593 1,0% Trenczyn
28%
55 332 1,0% Martin
21%
Nie znaleziono quizów pasujących do podanych kryteriów
Rozkład punktacji
Procent ludzi z każdym wynikiem
Percentyl według liczby udzielonych odpowiedzi
Twoja historia wyników
Nie rozwiązałeś tego quizu